| 000 | 00545nam a22001817a 4500 | ||
|---|---|---|---|
| 999 |
_c194821 _d194821 |
||
| 005 | 20230120155428.0 | ||
| 010 | _aENG-136032 | ||
| 020 |
_a9788174467676 _c225.00 |
||
| 035 | _aEN-119564 | ||
| 037 | _bDBAD/PUB | ||
| 082 | _a658.3124 | ||
| 100 | _aSimmonds, David | ||
| 245 |
_aDesigning delivering training/ _cby David Simmonds |
||
| 260 |
_aNew Delhi _bExcel Books _c2009 |
||
| 270 |
_aA-45, Naraina, phase-I _bNew Delhi _e110028 |
||
| 300 |
_a226p. _c24cm(pbk) _bBibliography and Index |
||
| 942 |
_2ddc _cEN _h658.3124 _mSIM |
||